| 000 | 01314nam a2200385 i 4500 | ||
|---|---|---|---|
| 001 | 2940 | ||
| 003 | KOSZ 005 | ||
| 005 | 20191220094844.0 | ||
| 008 | 981118s1984 pl a f f |000 0 pol | ||
| 015 | _aPB 1985/3057 | ||
| 020 | _a8301005459 | ||
| 040 |
_aWA N _cWA N _dKOSZ 005/HR |
||
| 080 | _a620.17 | ||
| 080 | _a539.3/.6 | ||
| 080 | _a(075.8) | ||
| 100 | 1 |
_aNiezgodziński, Michał Edward _d(1919-2010) _eAutor |
|
| 245 | 1 | 0 |
_aWytrzymałość materiałów / _cMichał Edward Niezgodziński, Tadeusz Niezgodziński. |
| 250 | _aWyd. 12. | ||
| 260 |
_aWarszawa : _bPańst. Wydaw. Naukowe, _c1984. |
||
| 300 |
_a514, [1] s. : _brys. ; _c24 cm. |
||
| 336 |
_2rdacontent _aTekst _btxt |
||
| 337 |
_2rdamedia _aBez urządzenia pośredniczącego _bn |
||
| 338 |
_2rdacarrier _aWolumin _bnc |
||
| 380 | _aKsiążki | ||
| 380 | _aPublikacje dydaktyczne | ||
| 385 |
_mPoziom nauczania _aSzkoły wyższe |
||
| 388 | _a1901-2000 | ||
| 650 | 4 | _aWytrzymałość materiałów | |
| 655 | 4 | _aPodręczniki akademickie | |
| 658 | _aInżynieria i technika | ||
| 700 | 1 |
_aNiezgodziński, Tadeusz _d(1945- ) _eAutor |
|
| 856 |
_uhttp://koha.tu.koszalin.pl/cgi-bin/koha/opac-detail.pl?biblionumber=2940 _yKatalog online BPK |
||
| 856 |
_uhttp://libra.ibuk.pl/book/1889 _yIBUK |
||
| 942 |
_2UKD _cKS |
||
| 999 |
_c2940 _d2940 |
||